| 000 | 00815cab a2200205 4500 | ||
|---|---|---|---|
| 001 | X84713 | ||
| 008 | 090401t1997 xxu||||| |||| 00| 0 eng d | ||
| 035 | _a(Sirsi) u79119 | ||
| 041 | _aeng | ||
| 245 | _aBromley LBC and Williams | ||
| 260 | _c1997 | ||
| 350 | _a0 | ||
| 490 |
_aPlanning Appeal Decisions _v[1997] 12 PAD 198-202(5) |
||
| 520 | _aDecision letter 9 January 1997. Enforcement notice - inflatable cover over dwelling-house swimming pool - refusal of planning permission - whether `development` - eyebolt fixing hooks and quick release clips - character and appearance of Conservation Area - visibility of inflated dome - possibility of screening. | ||
| 650 | _aINFLATABLE COVER | ||
| 650 | _aSWIMMING POOL | ||
| 690 | _aPLANNING LAW AND PRACTICE-CASE LAW | ||
| 942 | _n0 | ||
| 948 | _c23/06/1997 | ||
| 999 |
_c49727 _d49727 |
||